| 000 | 00679nam a22001937a 4500 | ||
|---|---|---|---|
| 999 |
_c5438 _d5438 |
||
| 003 | AR-CdUCM | ||
| 008 | 190312b ||||| |||| 00| 0 spa d | ||
| 040 |
_aMUNICIPALIDAD PROVINCIAL DEL CUSCO _cBIBLIOTECA MUNICIPAL DEL CUSCO |
||
| 082 |
_a305.4 / _bSA16 |
||
| 100 |
_aSáinz de Robles, Federico Carlos _912190 |
||
| 245 |
_aEnsayo de un diccionario de mujeres célebres : _bCon 521 ilustraciones y 20 láminas de huecograbado / |
||
| 260 |
_aMadrid : _bAguilar, _c1959. |
||
| 300 |
_a1269 páginas ; _bilustraciones : retratos ; _c25 cm. |
||
| 650 |
_aDiccionario _95196 |
||
| 650 |
_aMujeres celebres _916372 |
||
| 650 |
_aBiografía _922 |
||
| 942 |
_2ddc _cLIBROS |
||
| 945 | _azta | ||